Prácticas de electrónica

Saved in:
Bibliografiske detaljer
Main Authors: Pareja Gracía, Jesús (autor), Múñoz Robles, Aurelio (Author), Angulo del Otero, Carlos (Author)
Format: Bog
Sprog:spansk
Udgivet: Madrid McGraw-Hill 1990
Fag:
Tags: Tilføj Tag
Ingen Tags, Vær først til at tagge denne postø!

MARC

LEADER 00000nam a2200000 a 4500
001 UCH3815
003 CL-VaPUC
008 090818e19900000SP |||||||||||||||||spa|d
082 0 4 |a 621.381  |b PAR  |2 21 
100 |a Pareja Gracía, Jesús  |e autor  |9 539262 
700 0 |a Múñoz Robles, Aurelio  |e author  |9 539263 
700 0 |a Angulo del Otero, Carlos  |e author  |9 539264 
245 1 0 |a Prácticas de electrónica 
300 |a v 
942 |c BK 
945 |d 20090818 00:00:00  |a lazolas 
260 |a Madrid  |b McGraw-Hill  |c 1990 
500 |a v.2: Semiconductores avanzados y OP-AMP 
650 0 |a Electrónica   |9 263192 
650 0 |a Semiconductores  |9 260250 
650 0 |a Transistores  |9 260330 
650 0 |a Corriente alterna   |9 260070 
650 0 |a Motores   |9 334293 
650 0 |a Amplificadores   |9 338119 
650 0 |a Circuitos  |9 263339 
650 0 |a Convertidores  |9 348439 
583 |a last modification  |c 20090818 00:00:00  |k Rodrigo Vera 
999 |c 335241  |d 335239